Výzvy technologické transformace bank

Bankovníctvo, ktoré do relatívne nedávnej doby patrilo k relatívne stabilným a kozervatívnym odborom čelí v poslednej dobe k celému radu nových a vzájomne súvisiacich výziev. Pohľad na najvýznamnejšie výzvy.

Gespeichert in:
Bibliographische Detailangaben
1. Verfasser: Caisl, Václav
Format: Buchkapitel
Sprache:Tschechisch
Schlagworte:
Tags: Tag hinzufügen
Keine Tags, Fügen Sie das erste Tag hinzu!

MARC

LEADER 00000naa a2200000 4500
001 0252828
005 20190404092644.7
041 0 |a cze 
044 |a CZ 
245 1 0 |a Výzvy technologické transformace bank  |c Václav Caisl 
520 |a Bankovníctvo, ktoré do relatívne nedávnej doby patrilo k relatívne stabilným a kozervatívnym odborom čelí v poslednej dobe k celému radu nových a vzájomne súvisiacich výziev. Pohľad na najvýznamnejšie výzvy. 
610 2 0 |a banky 
610 2 0 |a transformácia 
610 2 0 |a konkurencieschopnosť 
610 2 0 |a stratégia inovačná 
610 2 0 |a technológie informačné 
610 2 0 |a technológie komunikačné 
610 2 0 |a technológie nové 
610 2 0 |a technológie znalostné 
100 1 |a Caisl, Václav